Online Catalogue and eLibrary

Account of the captivity of Capt. Robert Knox, : (Record no. 4440)

MARC details
000 -LEADER
fixed length control field 00529nam a2200145Ia 4500
005 - DATE AND TIME OF LATEST TRANSACTION
control field 20250203015738.0
008 - FIXED-LENGTH DATA ELEMENTS--GENERAL INFORMATION
fixed length control field 240331s9999 xx 000 0 und d
082 ## - DDC Classification
Item Number - Author Mark KNO
Class No. 954
100 ## - MAIN ENTRY--PERSONAL NAME
Personal name Knox, R
245 #0 - TITLE STATEMENT
Title Account of the captivity of Capt. Robert Knox, :
Remainder of title and other englishment, in the island of Ceylon
260 ## - PUBLICATION, DISTRIBUTION, ETC.
Place of publication, distribution, etc. Colombo
Name of publisher, distributor, etc. M.D. Gunasena & Co., Ltd
Date of publication, distribution, etc. 1818
300 ## - PHYSICAL DESCRIPTION
Extent (e.g. Volumes, Pages etc.) Xi, 146 p .,
500 ## - GENERAL NOTE
General note This book is a reprint of a reprint made in 1908 by A,M, & J. Ferguson of the book as named on the title-page.
942 ## - Koha item type (Biblio)
Koha item type Books in Stacks (Lending)
Holdings
Lost status Damaged status Collection code Home library Current library Shelving location Date acquired Full call number Accession Number Item type
    Lending WERC Library WERC Library Social Science Cupboard 03/31/2024 954.9 KNO 362 Books in Stacks (Lending)

© WERC Library